| 000 | 01273nam a2200253 i 4500 | ||
|---|---|---|---|
| 001 | 158864 | ||
| 003 | ES-MaACL | ||
| 005 | 20251116063109.0 | ||
| 008 | 980921s1859 fr a |||| | fre d | ||
| 100 | 1 |
_aMartin, Arthur, _c(S.I.), _d1801-1856 _9129561 |
|
| 245 | 1 | 3 |
_aLa vie et les mysteres de la Bienheurese Vierge Marie, Mere de Dieu / _c[texte du R.P. Arthur Martin ; avec une introduction du R.P.J. Tailhan ; dessins et chromolithographies de Kellerhoven, Gsell, Ciappori, Ledoux ... et al. ; impressions typographiques et lithographiques de Henri Charpentier ; impressions chromolithographiques de Lemercier]. |
| 260 |
_aParis : _bHenri Charpentier, _c[s.a.] ( _fImp. Henri Charpentier, _g1859) |
||
| 300 |
_a[4] h. de lám., [6], VI, [122] p. ; _c42 cm. |
||
| 597 | _aLetras capitales ornadas y texto en caracteres góticos. | ||
| 597 | _aTexto a dos tintas encuadrado en orla decorativa. | ||
| 650 | 1 | 4 |
_aVirgen María- _xBiografías. _9223035 |
| 700 | 1 |
_aTailhan, Jules, _d1816-1891 _9158241 |
|
| 700 | 1 |
_aKellerhoven, Franz, _d1814-1872 _9158242 |
|
| 700 | 1 |
_aGsell. _9127583 |
|
| 700 | 1 |
_aCiappori. _9126496 |
|
| 700 | 1 |
_aLedoux, Auguste-Louis-Charles, _d1816-1869 _9158243 |
|
| 852 |
_aES-MaACL _jC-1051 _z- Enc. piel |
||
| 999 |
_c158864 _d158864 |
||